[Event "USA-ch Seniors 2020"]
[Site "Saint Louis"]
[Date "2020.10.17"]
[Round "1.1"]
[White "Kaidanov, Gregory"]
[Black "Wolff, Patrick"]
[Result "1-0"]
[WhiteElo "2549"]
[BlackElo "2552"]
[Annotator "TA"]
[PlyCount "115"]
[EventDate "2020.10.17"]
[EventType "tourn"]
[EventCountry "USA"]
[SourceTitle "playchess.com"]
[Source "ChessBase"]
[SourceQuality "1"]

{[%evp 15,115,0,7,6,1,0,0,0,0,0,7,-10,0,-4,8,8,17,3,11,-10,-13,-12,0,-50,-8,-58,0,0,0,0,0,0,0,0,0,0,0,0,0,0,0,0,0,14,65,55,33,0,228,207,279,276,264,283,459,462,447,441,475,491,462,479,776,775,777,777,740,714,12814,12814,5489,12688,12835,12835,12836,12837,12837,12837,12838,12837,12835,12832,12840,12835,12841,12841,12842,12843,12843,12843,12843,12844,12844,12845,12845,12845,12846,12846,12847,12847,12847,12848]} 1. Nf3 {Krasenkow,M} Nf6 2. g3 g6 3. b3 Bg7 4. Bb2 O-O 5. Bg2 d6 6. d4 b5 7. O-O Bb7 8. Nbd2 Nbd7 9. c4 {A49: 1 d4 Nf6 2 Nf3 g6 3 g3: Anti-King's Indian systems.} bxc4 10. Nxc4 c5 11. Rc1 {The position is equal.} a5 12. dxc5 Nxc5 {[#]} 13. Nd4 $5 $146 {[%mdl 8] New and interesting.} ({Predecessor:} 13. Bd4 Ncd7 14. a4 Ra6 15. Na3 Qa8 16. Nb5 Rc6 17. Rxc6 Bxc6 18. Ne1 Bxg2 19. Nxg2 {0-1 (58) Meier,G (2628)-Carlsen,M (2845) Karlsruhe/Baden Baden 2019 CBM 190 [Krasenkow,M]}) 13... Bxg2 14. Kxg2 Qd7 15. f3 Rfb8 16. Qd2 Nd5 17. e4 Nb4 18. Bc3 Qb7 19. Rcd1 Qa6 (19... a4 $5 {[%cal Ra4b3]} 20. Bxb4 Bxd4 $15) 20. h4 h5 (20... a4 $15 21. Bxb4 Bxd4 22. Bxc5 (22. Qxd4 Rxb4 23. Qc3 Rab8 $17) 22... dxc5) 21. Nf5 $11 gxf5 22. Bxg7 Kxg7 23. Qg5+ {[%mdl 64] [#] Double Attack} Kf8 24. Qh6+ Kg8 25. Qg5+ $40 {[%mdl 192] Double Attack. White mounts an attack.} Kf8 {aiming for ...d5!} 26. Qh6+ Kg8 {[#]} 27. Nxd6 $1 {[%mdl 512]} exd6 28. Rxd6 Qxd6 29. Qxd6 Ne6 $1 30. exf5 Rd8 31. Qe5 (31. Qb6 $5 {[%cal Rf5e6]} Nd5 32. Qf2 $16) 31... Nf8 $2 {Black is now going downhill.} (31... Rd5 $11 32. Qe4 Ng7) 32. Qe3 {Threatens to win with Qg5+.} f6 33. Qh6 {[%mdl 64] Double Attack} Nd5 34. Re1 Re8 $2 (34... Ra7 {was necessary.} 35. Kh3 (35. Qxh5 Nf4+ 36. gxf4 Rh7 $16) 35... Rh7) 35. Rxe8 {White is clearly winning.} Rxe8 36. Qxh5 Re2+ 37. Kf1 Re5 38. Kf2 Ne3 (38... Ne7 $142 39. Qg4+ Kh8) 39. f4 $18 Re7 40. Qf3 Nd7 41. g4 Nc5 42. Qxe3 Rxe3 43. Kxe3 {[%mdl 4096] Endgame KN-KP} Na6 44. Kd4 Nb4 45. a4 Nc2+ 46. Kc5 Kf7 47. h5 Ne3 48. g5 Nxf5 49. Kb5 Nd4+ 50. Kxa5 f5 51. Kb6 Ne6 52. a5 Nxf4 53. a6 Nd5+ 54. Kb7 f4 55. a7 f3 56. a8=Q f2 57. Qa6 {White threatens h6 and mate.} Ke7 58. Qe2+ {Av CentiPawn Loss W=149/B=111. Weighted=53/36} 1-0

[Event "USA-ch Seniors 2020"]
[Site "Saint Louis"]
[Date "2020.10.17"]
[Round "1.2"]
[White "Gurevich, Dmitry"]
[Black "Goldin, Alexander"]
[Result "1/2-1/2"]
[WhiteElo "2399"]
[BlackElo "2542"]
[Annotator "TA"]
[PlyCount "74"]
[EventDate "2020.10.17"]
[EventType "tourn"]
[EventCountry "USA"]
[SourceTitle "playchess.com"]
[Source "ChessBase"]
[SourceQuality "1"]

{[%evp 13,74,8,5,7,4,9,11,8,4,7,7,15,12,4,8,2,7,7,26,31,29,20,48,41,51,44,89,94,91,93,95,99,129,63,151,66,75,75,92,59,59,59,59,59,59,47,47,44,44,44,44,0,44,0,44,37,44,0,44,0,44,0,44]} 1. d4 d5 2. c4 e6 3. Nc3 Nf6 4. Nf3 Be7 5. Bf4 O-O 6. e3 b6 7. cxd5 Nxd5 8. Nxd5 {D37: Queen's Gambit Declined: 5 Bf4.} Qxd5 9. a3 {Recently 9.Be2 got a lot of attention.} c5 10. dxc5 Qxc5 11. Rc1 Qa5+ 12. Qd2 Qxd2+ 13. Nxd2 Na6 {[#]} 14. Bb5 $146 {[%mdl 2048] Black must now prevent Bc6. White is more active.} ({Predecessor:} 14. Be2 Bb7 15. O-O Rfd8 16. Nc4 f6 17. b4 Rac8 18. f3 e5 19. Bg3 Nc7 20. Rfd1 {½-½ (30) Korobov,A (2688)-Kryvoruchko,Y (2682) Linares 2020}) 14... Bb7 15. Ke2 Rac8 16. b4 Nb8 17. f3 a6 18. Bd3 Nd7 19. Nc4 Rfd8 20. Nd6 Bxd6 21. Bxd6 b5 22. Bc7 Re8 {[#]} 23. e4 (23. a4 $1 $16 {[%mdl 512]}) 23... f6 {[#]} (23... Nb8 $14) 24. Rc2 ({Better is} 24. a4 $1 $16 {[%mdl 512]}) 24... Ne5 25. Bxe5 $1 fxe5 26. Rhc1 Rxc2+ 27. Rxc2 Rc8 28. Rxc8+ Bxc8 $14 {[%mdl 4096] Endgame KB-KB} 29. Ke3 g5 30. g3 Kf7 31. Bc2 Bd7 32. Bd3 Kf6 33. Bc2 h6 34. Bd3 Bc6 35. Bc2 Bd7 36. Bd3 Bc6 37. Bc2 Bd7 {Av CentiPawn Loss W=-10/B=-15. Weighted=-14/-18} 1/2-1/2

[Event "USA-ch Seniors 2020"]
[Site "Saint Louis"]
[Date "2020.10.17"]
[Round "1.3"]
[White "Benjamin, Joel"]
[Black "Shabalov, Alexander"]
[Result "1-0"]
[WhiteElo "2506"]
[BlackElo "2528"]
[Annotator "TA"]
[PlyCount "61"]
[EventDate "2020.10.17"]
[EventType "tourn"]
[EventCountry "USA"]
[SourceTitle "playchess.com"]
[Source "ChessBase"]
[SourceQuality "1"]

{[%evp 15,61,0,0,0,30,-22,-17,-20,-24,-26,-16,-21,-12,-6,0,-20,0,0,0,-8,0,0,0,0,0,0,18,16,12,0,15,0,7,0,18,1,101,104,104,106,105,99,207,58,208,151,306,64]} 1. Nf3 c5 2. g3 g6 3. Bg2 Bg7 4. O-O Nc6 5. d3 e6 6. e4 Nge7 7. c3 d5 8. Qe2 O-O 9. Re1 {A08: King's Indian Attack.} b5 {[#]} 10. Be3 $146 (10. exd5 $142 exd5 11. Nbd2) ({Predecessor:} 10. e5 b4 11. Bg5 h6 12. Be3 bxc3 13. bxc3 d4 14. cxd4 cxd4 15. Bd2 Ba6 16. Na3 {½-½ (35) Bauer,C (2607)-Sokolov,A (2563) Metz 2010}) 10... d4 $11 11. cxd4 {The position is equal.} cxd4 12. Bd2 a5 13. Na3 Ba6 14. Rec1 Qb6 15. Qe1 Rfc8 16. Rc2 Rc7 17. Rac1 Rac8 18. Bf4 Rd7 19. Bd2 Rdc7 20. h4 h6 21. Bf4 $36 {[%mdl 2048] White is pushing.} Rd7 22. Bd2 Rcc7 23. Bf4 Rc8 (23... e5 $5 24. Bd2 $8 Nc8 $11) 24. Bd2 Bf8 25. Nh2 Rdd8 (25... h5 $11) 26. Ng4 $16 h5 27. Nf6+ Kg7 28. e5 Bb7 (28... Nb4 $16) 29. Kh2 ({Better is} 29. Bg5 $18) 29... Qa6 (29... Nb4 $14) 30. Qe4 Nf5 $2 {[#]} (30... Ba8 $16 {keeps fighting.}) 31. Qf4 $2 {Av CentiPawn Loss W=-25/B=-29. Weighted=-37/-36} (31. Rxc6 $18 Rxc6 32. Rxc6 Bxc6 33. Qxc6 Qxc6 34. Bxc6) 1-0

[Event "USA-ch Seniors 2020"]
[Site "Saint Louis"]
[Date "2020.10.17"]
[Round "1.4"]
[White "Yermolinsky, Alex"]
[Black "Getz, Shelby"]
[Result "1/2-1/2"]
[WhiteElo "2486"]
[BlackElo "2298"]
[Annotator "TA"]
[PlyCount "70"]
[EventDate "2020.10.17"]
[EventType "tourn"]
[EventCountry "USA"]
[SourceTitle "playchess.com"]
[Source "ChessBase"]
[SourceQuality "1"]

{[%evp 9,70,21,48,0,11,0,27,-7,6,-6,46,0,17,18,17,22,15,4,0,0,0,0,0,0,0,-7,0,-35,-19,-16,-30,-80,-59,-57,-62,-94,-77,-94,-57,-105,-100,-104,-97,-102,-103,-98,-105,-87,-49,-48,-7,-39,-39,-42,-21,-21,-21,-27,0,-24,0,-38,0]} 1. d4 d5 2. c4 Nc6 3. Nc3 e5 4. cxd5 Nxd4 5. g3 Nf6 {[#] White must now prevent ...Bf5.} 6. Bg2 {D07: Queen's Gambit: Chigorin Defence.} (6. e3 $5 {[%cal Re3d4]} Nf5 7. Nf3 $11) 6... Bf5 7. e4 {[#]} Bg4 $146 ({Predecessor:} 7... Bg6 8. Nge2 Bc5 9. O-O O-O 10. Bg5 h6 11. Be3 Nxe2+ 12. Qxe2 Bxe3 13. Qxe3 c6 14. dxc6 bxc6 {½-½ (70) Boron,A (1906)-Torgersen,T (2050) ICC INT 2009}) 8. Qd3 {White has an edge.} (8. f3 $5 {[%cal Rf3g4]} Bd7 9. Nge2 $11) 8... c6 $132 {[%mdl 2048] aiming for ...cxd5. Black is fighting back} 9. h3 Bd7 (9... Bh5 $11) 10. Nf3 (10. f4 {seems wilder.} Bd6 11. Be3 c5 12. Nf3 Nxf3+ 13. Bxf3 a6 14. O-O-O) 10... Nxf3+ 11. Qxf3 Bc5 12. O-O O-O 13. Bg5 h6 14. Bxf6 Qxf6 15. Qxf6 gxf6 16. Rac1 Bd4 17. Ne2 Bb6 18. g4 h5 19. Ng3 hxg4 20. hxg4 Bxg4 21. dxc6 bxc6 22. Rxc6 Kg7 23. b4 Rac8 24. b5 Rcd8 25. Rc2 Rd3 26. Nf5+ Bxf5 27. exf5 Rfd8 28. Re1 R8d4 29. Be4 Rd2 {[#] Hoping for ...Rxe4!} 30. Re2 Rd1+ 31. Kg2 Rb4 32. Rb2 Rc4 33. Rbc2 Rb4 34. Rb2 Rc4 35. Rbc2 Rb4 {Av CentiPawn Loss W=-12/B=-10. Weighted=-13/-11} 1/2-1/2

[Event "USA-ch Seniors 2020"]
[Site "Saint Louis"]
[Date "2020.10.17"]
[Round "1.5"]
[White "Novikov, Igor"]
[Black "Christiansen, Larry"]
[Result "1/2-1/2"]
[WhiteElo "2554"]
[BlackElo "2567"]
[Annotator "TA"]
[PlyCount "67"]
[EventDate "2020.10.17"]
[EventType "tourn"]
[EventCountry "USA"]
[SourceTitle "playchess.com"]
[Source "ChessBase"]
[SourceQuality "1"]

{[%evp 17,67,29,28,26,32,20,33,14,43,43,46,12,32,17,17,0,0,0,0,0,0,0,0,0,0,0,0,0,0,0,0,0,0,0,0,0,0,0,0,0,0,0,0,0,0,0,0,0,0,0,0,0]} 1. d4 Nf6 2. c4 e6 3. Nf3 d5 4. Nc3 a6 5. cxd5 exd5 6. Bg5 Be6 7. e3 Nbd7 8. Bd3 Be7 9. O-O O-O 10. Rc1 {D35: Queen's Gambit Declined: Exchange Variation.} Re8 11. Qc2 h6 12. Bh4 {White is slightly better.} c5 13. dxc5 Nxc5 {[#]} 14. Be2 $146 ({Predecessor:} 14. Bf5 Rc8 15. Rfd1 Nce4 16. Bxe4 Nxe4 17. Bxe7 Qxe7 18. Nxd5 Bxd5 19. Qxc8 Rxc8 20. Rxc8+ {1-0 (42) Doettling,F (2587)-Merkel,M (2154) Baden 2019}) 14... Rc8 15. Qb1 b5 {The position is equal.} 16. a3 Nfe4 17. Bxe7 Qxe7 18. Nxe4 dxe4 19. Nd4 Nb3 20. Rxc8 Rxc8 21. Nxb3 Bxb3 22. Rc1 Rc5 23. Rxc5 Qxc5 24. Bd1 Qc4 25. Bxb3 Qxb3 $11 {[%mdl 4096] Endgame KQ-KQ} 26. Qc1 Kh7 27. h3 Qd3 28. Qc5 Qb1+ 29. Kh2 Qxb2 30. Qf5+ Kg8 31. Qc8+ {[%mdl 64] [#] Double Attack} Kh7 32. Qf5+ Kg8 33. Qc8+ {[%mdl 64] Double Attack} Kh7 34. Qf5+ {Av CentiPawn Loss W=-3/B=-2. Weighted=-4/-4} 1/2-1/2

[Event "USA-ch Seniors 2020"]
[Site "Saint Louis"]
[Date "2020.10.17"]
[Round "2.1"]
[White "Wolff, Patrick"]
[Black "Christiansen, Larry"]
[Result "1-0"]
[WhiteElo "2552"]
[BlackElo "2567"]
[Annotator "TA"]
[PlyCount "133"]
[EventDate "2020.10.17"]
[EventType "tourn"]
[EventCountry "USA"]
[SourceTitle "playchess.com"]
[Source "ChessBase"]
[SourceQuality "1"]

{[%evp 16,133,14,13,28,11,14,-25,0,8,7,12,15,0,18,0,7,-8,12,0,0,0,0,0,10,0,0,0,14,-46,31,31,26,0,83,60,143,143,143,143,142,100,100,100,195,157,151,154,230,197,171,151,133,77,223,129,141,124,183,206,205,131,131,138,135,38,38,45,37,37,32,23,29,32,32,32,31,33,47,26,23,23,204,167,246,97,50,37,44,0,157,165,219,210,276,258,290,293,316,295,293,291,461,241,302,228,435,399,878,4702,2420,1836,29962,29963,6117,1824,1240,1181,29979,29980]} 1. e4 g6 2. d4 Bg7 3. Nf3 d6 4. Bc4 Nf6 5. Qe2 c6 6. e5 Nd5 7. h3 O-O 8. O-O dxe5 {8...Nb6 is the modern continuation.} 9. dxe5 Be6 {B04: Alekhine's Defence: 4 Nf3.} 10. Nbd2 $5 {[%cal Bb1d2,Bd2b3,Bb3c5][%mdl 4] Exploring less charted territory.} Nd7 {[#]} 11. Nb3 $5 $146 {[%mdl 8] New and interesting.} ({Predecessor:} 11. Re1 a5 12. a3 b5 13. Ba2 Qb6 14. c4 Nc7 15. Nf1 b4 16. Ng3 b3 17. Bb1 {0-1 (41) Kovalenko,I (2668)-Anton Guijarro,D (2627) Almaty 2016}) 11... N7b6 {Hoping for ...Nc3!Black has an edge.} 12. Bd3 Nb4 13. Nc5 Nxd3 14. cxd3 Qc8 15. Bg5 Re8 16. Rfe1 Nd5 17. Nxe6 Qxe6 18. Qd2 Nc7 19. Bh6 Bh8 20. Qf4 Qd5 21. Ng5 $36 {[%mdl 2048] White fights for an advantage.} Rac8 22. Re3 (22. Rac1 $11) 22... f6 ({Better is} 22... Bg7 $15 23. Bxg7 (23. e6 f6 $17) 23... Kxg7) 23. exf6 $14 Bxf6 24. Rae1 Qf5 (24... Qxa2 $11 {keeps the balance.} 25. R3e2 Qd5) 25. Qg3 Bxg5 (25... Nb5 $14) 26. Bxg5 $16 (26. Qxg5 $6 Qxg5 27. Bxg5 Nd5 $14) 26... Nd5 27. Re6 Rcd8 28. a3 Rd7 29. h4 Rf8 (29... h5 $16 {was worth a try.}) 30. R6e5 (30. Bxe7 Nxe7 31. Rxe7 Rxd3 $14) 30... Qf7 {[#]} 31. h5 $1 {[%mdl 512]} Nf4 (31... Kh8 $16) (31... gxh5 32. Bxe7+) 32. hxg6 (32. Bxe7 Nxh5 33. Qh4 Re8 $14) ({Weaker is} 32. Rxe7 Rxe7 33. Bxe7 (33. Rxe7 Qxe7 {[%mdl 64] Remove Defender} 34. Bxe7 Ne2+ {[%mdl 64] Double Attack} 35. Kh2 Nxg3 $11) 33... Nxh5 $14) 32... Nxg6 33. Bh6 Rfd8 34. R1e3 (34. R5e3 $142) 34... Qf6 (34... Qb3 $16) 35. Re6 ({White should try} 35. Bg5 $18 Qg7 36. Re6) 35... Qf5 36. Rxe7 Rxe7 (36... Qh5 $16) 37. Rxe7 $18 Qh5 38. Bd2 Qd1+ 39. Be1 Rxd3 {[#]} 40. Qb8+ (40. f3 $1 $16) 40... Rd8 $14 41. Re8+ Rxe8 42. Qxe8+ Kg7 43. Qe4 h5 44. Kh2 Qd6+ 45. g3 h4 46. Bc3+ Kh7 47. Qf5 hxg3+ 48. fxg3 {aiming for Qf7+.} c5 $2 (48... Kh6 $11) 49. Kh3 b5 (49... Kh6 $142) 50. Kg4 (50. Qf7+ $18 Kh6 51. b3 (51. Qxa7 Qe6+ 52. Kh2 Qe2+ 53. Kg1 Qe3+ 54. Kh2 Qf2+ 55. Kh3 Qf5+ 56. Kg2 Qc2+ 57. Kh1 Qd1+ 58. Kh2 Qe2+ 59. Kh3 Qf1+ 60. Kh2 Qf2+ 61. Kh3 Qf1+ 62. Kh2 Qf2+ $11)) 50... Qd1+ 51. Kg5 {[%csl Gg5][%cal Rf5g6]} Qd8+ 52. Kh5 {[%csl Gh5][%cal Rf5g6]} Qe8 $2 {White stays focused until the end.} (52... Qd1+ $11 53. Kg5 Qd8+ 54. Kg4 Qd1+ 55. Qf3 (55. Kg5 Qd8+ $14) 55... Qd7+ 56. Qf5 Qd1+) 53. Kg4 $16 {Qh5+ is the strong threat.} Qe2+ {[#]} (53... b4 {is a better defense.}) 54. Kh3 $1 $18 {Qf7+ would kill now.} Qe8 55. Qxc5 Qe6+ 56. g4 Nf4+ 57. Kh4 Ng6+ 58. Kg3 a6 (58... Qf7 $142 59. Qg5 a6) 59. Qf5 (59. Qa7+ $142 Qe7 60. Qxe7+ (60. Qxa6 Qe3+ 61. Kh2 Qf2+ 62. Kh1 Qh4+ 63. Kg2 Qxg4+ 64. Kf2 Qf4+ 65. Kg2 Qg4+ 66. Kf1 Qf3+ 67. Ke1 Qh1+ 68. Kd2 Qd5+ 69. Ke1 Qh1+ 70. Kf2 Qh2+ 71. Ke3 Qf4+ 72. Ke2 Qe4+ 73. Kf2 Qf4+ 74. Kg2 Qg5+ 75. Kf1 Qf5+ 76. Ke1 Qe4+ 77. Kf2 Qf4+ $11) 60... Nxe7 61. Kf4) 59... Qd6+ 60. Kf2 Qh2+ $2 (60... Kg8 61. Qe4 Kf7) 61. Ke3 Qg3+ $2 (61... Qg1+ 62. Ke4 Qb1+ 63. Kd5 Qxf5+ 64. gxf5 Nh4) 62. Ke4 {White threatens Qh5+ and mate.} Qg2+ 63. Kd4 Qg1+ 64. Kd5 Qg2+ 65. Kc5 {White wants to mate with Qh5+.} Qg1+ 66. Kb4 {Intending Qf7+ and mate.} a5+ 67. Kxb5 {Av CentiPawn Loss W=15/B=388. Weighted=-16/197} 1-0

[Event "USA-ch Seniors 2020"]
[Site "Saint Louis"]
[Date "2020.10.17"]
[Round "2.2"]
[White "Getz, Shelby"]
[Black "Novikov, Igor"]
[Result "0-1"]
[WhiteElo "2298"]
[BlackElo "2554"]
[Annotator "TA"]
[PlyCount "54"]
[EventDate "2020.10.17"]
[EventType "tourn"]
[EventCountry "USA"]
[SourceTitle "playchess.com"]
[Source "ChessBase"]
[SourceQuality "1"]

{[%evp 9,53,-21,0,0,-12,-5,0,-47,-57,-60,-66,-141,-141,-151,-156,-221,-226,-225,-154,-260,-260,-251,-163,-413,-162,-225,-189,-171,-170,-277,-281,-247,-192,-187,-187,-177,-158,-235,-175,-212,-190,-318,-312,-424,-414,-29999]} 1. a3 Nf6 2. d4 g6 3. Nc3 d5 4. Bg5 Bg7 5. Qd2 h6 6. Bf4 {[#] A00: Irregular Openings.} c5 $146 ({Predecessor:} 6... c6 7. f3 Nh5 8. Be5 Bxe5 9. dxe5 e6 10. O-O-O Qg5 11. g4 Qxd2+ 12. Rxd2 Ng7 {½-½ (43) Zagrapan,P (2060)-Harasta,V (2220) Slovakia 1994}) 7. e3 O-O 8. dxc5 {The position is equal.} Nbd7 {[%cal Bb8d7,Bd7c5,Bc5e4][%mdl 32]} 9. O-O-O ({Don't go for} 9. Nxd5 $2 Nxd5 10. Qxd5 Bxb2 $19) 9... Nxc5 {White must now prevent ...Nce4.} 10. Nf3 (10. f3 $15) 10... Nce4 $17 11. Nxe4 Nxe4 12. Qxd5 (12. Qe1 $17) 12... Qb6 $19 {[%csl Gg7][%cal Rb6b2]} 13. Rd4 Bxd4 14. exd4 (14. Nxd4 $17 Nxf2 15. Rg1) 14... Nxf2 15. Rg1 Be6 16. Qe5 $2 (16. Qc5 {was necessary.}) 16... Ng4 $2 (16... Rfc8 17. Qe2 Bf5 18. Qxf2 Rxc2+ 19. Qxc2 Bxc2 20. Kxc2 Rc8+ 21. Kb1 g5) 17. Qe1 (17. Qb5 $142) 17... g5 18. Bd2 {[#]} Bf5 $1 19. Qxe7 {[#]} (19. Bc3 $142) 19... Rac8 $1 {( -> ...Qb3)} 20. Bc3 Rfe8 $40 {[%mdl 128] Black has strong attack.} 21. Qb4 Qxb4 22. axb4 a6 23. d5 (23. Kd2 $17) 23... Be4 24. d6 {aiming for d7.} Red8 25. h3 (25. Nd2 {was called for.} Bg6 26. Nc4) 25... Ne3 26. b5 Rxd6 {[%csl Ge3][%cal Rd6d1]} 27. bxa6 (27. Nd2 $19) 27... Rd1# {White got outplayed after the opening. Av CentiPawn Loss W=-96/B=-71. Weighted=-120/-41} 0-1

[Event "USA-ch Seniors 2020"]
[Site "Saint Louis"]
[Date "2020.10.17"]
[Round "2.4"]
[White "Goldin, Alexander"]
[Black "Benjamin, Joel"]
[Result "0-1"]
[WhiteElo "2542"]
[BlackElo "2506"]
[Annotator "TA"]
[PlyCount "66"]
[EventDate "2020.10.17"]
[EventType "tourn"]
[EventCountry "USA"]
[SourceTitle "playchess.com"]
[Source "ChessBase"]
[SourceQuality "1"]

{[%evp 14,66,37,27,29,23,9,30,35,0,60,48,94,104,87,97,103,69,56,52,51,58,124,79,90,66,110,90,100,55,66,-6,35,41,83,38,50,44,129,118,93,-8,-15,-145,-79,-188,-76,-106,0,-125,-114,-311,-322,-680,-658]} 1. Nf3 Nf6 2. g3 g6 3. b3 Bg7 4. Bb2 O-O 5. Bg2 d5 6. c4 c6 7. O-O Bg4 8. d4 Nbd7 {D78: Fianchetto Grünfeld: 6 0-0 c6.} 9. Nc3 {is now more promising than 9.Nbd2.} dxc4 10. bxc4 Nb6 {White has an edge.} 11. Qd3 Be6 (11... Bxf3 $11 12. Bxf3 Re8) 12. Nd2 $14 {[#]} Qd7 $146 {[#]} ({Predecessor:} 12... Ng4 13. h3 Nf6 14. a4 a5 15. e4 Ne8 16. d5 cxd5 17. cxd5 f5 18. Qe2 Bf7 {½-½ (53) Marin,M (2583)-Steinberg,N (2435) Douglas 2014}) 13. a4 $1 {[%cal Ba2a4,Ba4a5][%mdl 32]} Rad8 14. a5 Nc8 15. e3 Bh3 16. Nf3 Bxg2 17. Kxg2 Qe6 ({Better is} 17... Rfe8 $14) 18. Rfd1 Nd6 19. Nd2 Qg4 20. f3 Qh5 21. Ne2 Nf5 22. Nf4 (22. e4 $14 Nxd4 23. Nxd4 (23. Bxd4 e5 $11)) 22... Qg5 {Strongly threatening ...e5!} (22... Qh6 $5 {[%cal Re7e5]} 23. Qe2 c5 $11) 23. Qe2 h5 24. Ne4 Nxe4 25. fxe4 Nd6 {[#]} (25... Nh6 $14) 26. e5 $1 $16 {[%cal Re5d6]} Ne4 27. Rf1 {[#]} (27. Qd3 $16 Nc5 28. Qc2) 27... Bxe5 $1 $11 {[%mdl 512]} 28. Nd3 ({But not} 28. dxe5 $2 Rd2 $19) (28. Qc2 $11 {keeps the balance.} Bxf4 {[%mdl 64] Pin} 29. Qxe4) 28... Bg7 (28... Bc7 $142 29. a6 b5 30. cxb5 cxb5) 29. Rab1 (29. Nf2 $17 Nxf2 30. Rxf2) 29... Nd6 (29... Qxa5 $19 30. Nf2 Nxf2 31. Rxf2 Qc7) 30. c5 Nf5 (30... Ne4 $17 31. Nf2 Qd5 32. Nxe4 Qxe4+ 33. Qf3 Qd3) 31. Nf4 (31. Bc1 $1 $11 {was the only way to keep the balance.}) 31... Rfe8 32. Bc3 $2 (32. Bc1 $17 Rd7 33. a6 bxa6 34. Qxa6) 32... e5 $19 33. Nh3 $2 (33. dxe5 Bxe5 34. Bxe5 Rxe5 {[%mdl 64] Double Attack} 35. e4) 33... Qxe3 {[%mdl 64] Double Attack. Av CentiPawn Loss W=-54/B=-25. Weighted=-62/-31} 0-1

[Event "USA-ch Seniors 2020"]
[Site "Saint Louis"]
[Date "2020.10.17"]
[Round "2.5"]
[White "Kaidanov, Gregory"]
[Black "Gurevich, Dmitry"]
[Result "1/2-1/2"]
[WhiteElo "2549"]
[BlackElo "2399"]
[Annotator "TA"]
[PlyCount "84"]
[EventDate "2020.10.17"]
[EventType "tourn"]
[EventCountry "USA"]
[SourceTitle "playchess.com"]
[Source "ChessBase"]
[SourceQuality "1"]

{[%evp 19,84,19,14,6,33,13,17,20,24,25,24,24,20,21,22,25,22,0,0,0,0,0,21,18,20,25,15,0,22,18,51,0,10,14,10,13,24,2,3,1,3,4,4,0,0,0,0,0,0,0,0,0,0,0,8,0,37,0,0,0,0,0,0,0,0,0,0]} 1. Nf3 d5 2. g3 Nf6 3. Bg2 e6 4. O-O Be7 5. c4 O-O 6. b3 c5 7. cxd5 exd5 8. d4 Nc6 9. Bb2 Ne4 10. dxc5 Bxc5 11. e3 {D30: Queen's Gambit Declined: Systems without Nc3.} Bg4 12. h3 Bh5 13. Nc3 Nxc3 14. Bxc3 Rc8 {[#]} 15. Qd2 $146 ({Predecessor:} 15. g4 Bg6 16. Qd2 Be4 17. b4 Bd6 18. b5 Ne7 19. Nd4 Bb8 20. Rac1 Qd6 21. f4 Bxg2 22. Kxg2 {1-0 (71) Goldberg,G-Ravinsky,G Moscow 1955}) 15... Bxf3 16. Bxf3 d4 17. exd4 Bxd4 {[#] And now ...Ne5 would win.} 18. Bg2 Bxc3 19. Qxc3 Nd4 20. Qd3 b6 (20... Rc3 $5 {[%cal Rc3d3]} 21. Qe4 Rc7 $11) 21. Rad1 Ne6 {[%cal Bd4e6,Be6g5,Bg5f3][%mdl 32]} 22. Bd5 Qf6 23. Rfe1 Rc3 24. Qe4 Ng5 25. Qg4 (25. Qe5 $14) 25... Nf3+ (25... Rc2 {feels hotter.} 26. f4 Ne6 27. Bxe6 fxe6 28. Re2 Rfc8) 26. Bxf3 $1 Rxf3 27. Re2 g6 28. Rd7 a5 29. Qe4 Rc8 30. Kg2 Rf5 31. h4 h5 32. Red2 Qc6 33. Qxc6 (33. R2d5 {looks sharper.} Rf6 34. Qe3 Kh7 35. Qe5 Kg8 36. Qe7) 33... Rxc6 34. R7d6 Rxd6 35. Rxd6 $11 {[%mdl 4096] Endgame KR-KR} b5 36. a3 Rc5 37. Rb6 Kg7 38. Ra6 Rc3 {The position is equal.} 39. Rxa5 Rxb3 40. a4 bxa4 41. Rxa4 Rc3 42. Rf4 Rd3 {An uneventful encounter. Av CentiPawn Loss W=-5/B=-5. Weighted=-6/-5} 1/2-1/2

[Event "USA-ch Seniors 2020"]
[Site "Saint Louis"]
[Date "2020.10.17"]
[Round "3.1"]
[White "Gurevich, Dmitry"]
[Black "Wolff, Patrick"]
[Result "0-1"]
[WhiteElo "2399"]
[BlackElo "2552"]
[Annotator "TA"]
[PlyCount "68"]
[EventDate "2020.10.17"]
[EventType "tourn"]
[EventCountry "USA"]
[SourceTitle "playchess.com"]
[Source "ChessBase"]
[SourceQuality "1"]

{[%evp 9,68,0,15,0,5,0,0,-4,0,-7,0,-13,11,14,8,0,0,-10,0,-25,0,0,0,-1,0,0,0,-41,0,-68,0,-62,-35,-342,-344,-318,-315,-604,-566,-725,-672,-795,-669,-671,-667,-658,-657,-657,-658,-657,-658,-643,-635,-605,-608,-588,-580,-380,0,-1763,-1671]} 1. Nf3 Nf6 2. c4 g6 3. Nc3 Bg7 4. e4 e5 5. Be2 O-O 6. O-O {A16: English Opening: 1...Nf6 with ...d5.} Nc6 7. Rb1 a5 8. a3 {The position is equal.} d6 {[#]} 9. d3 $146 ({Predecessor:} 9. d4 Nd7 10. d5 Ne7 11. b4 axb4 12. axb4 f5 13. Ng5 Nf6 14. Ne6 Bxe6 15. dxe6 fxe4 {0-1 (27) Garcia Lorenzo,J (1205)-Perez Barreto,A (2069) Tenerife 2013}) 9... Bg4 10. Be3 Nh5 11. Nd5 a4 12. Nc3 Nf4 13. Bxf4 exf4 14. Nxa4 Ra5 15. h3 Bxf3 16. Bxf3 Nd4 17. Nc3 c6 18. Kh2 Qh4 19. Rc1 ({Better is} 19. Na2 $11) 19... h5 (19... Rfa8 $15) 20. Qe1 (20. Ne2 $11) 20... g5 {...g4 is the strong threat.} 21. Ne2 $2 {[%mdl 8192]} ({White has to play} 21. Bd1 $1 $15 f3 22. g3) 21... Nxf3+ $19 22. gxf3 {[#]} g4 $3 {[%mdl 512]} 23. fxg4 $2 (23. Qxa5 $2 {too greedy.} Qxh3+ 24. Kg1 Be5 $19) (23. Ng1 Rg5 24. fxg4 hxg4 25. Kh1) 23... hxg4 24. Qxa5 {aiming for Qf5.} Qxh3+ 25. Kg1 Be5 26. f3 {And now Rf2 would win.} g3 {[%csl Gg3][%cal Rh3h2]} 27. Rf2 gxf2+ 28. Kxf2 Qh4+ 29. Kg2 {With the idea Rh1.} Kh7 {( -> ...Rg8+)} 30. Rg1 Rg8+ 31. Kf1 Qh3+ 32. Ke1 Rxg1+ 33. Nxg1 Qh1 $2 ({Black should play} 33... Qg2 $19 34. Ne2 Qxf3) 34. Qb6 $2 {[%mdl 8192]} (34. Kf1 $11) 34... c5 {Av CentiPawn Loss W=-63/B=-30. Weighted=-65/-30} 0-1